[Event "SC Steinfurt 1 - SC Gronau 1"]
[Site "Regionalliga 2016/2017"]
[Date "2016.10.29"]
[Round "2.7"]
[White "Reckzügel, Philipp"]
[Black "Janning, Rainer"]
[Result "1/2-1/2"]
[WhiteElo "1900"]
[BlackElo "1887"]
[PlyCount "51"]
[EventDate "2016.??.??"]
[SourceDate "2016.10.07"]

1. d4 f5 2. Nf3 Nf6 3. g3 e6 4. Bg2 d5 5. O-O Bd6 6. b3 O-O 7. c4 c6 8. Nc3
Nbd7 9. Bb2 Ne4 10. Qc2 Qf6 11. a4 Qh6 12. c5 Bc7 13. b4 g5 14. Bc1 Ndf6 15.
Nxe4 Nxe4 16. Ne5 Qg7 17. Ra3 h6 18. Bb2 Nf6 19. b5 Bxe5 20. dxe5 Nd7 21. Rd1
Rf7 22. Bd4 Nf8 23. Qd2 f4 24. e4 fxe3 25. Rxe3 Bd7 26. Rb3 1/2-1/2

[Event "SC Steinfurt 1 - SC Gronau 1"]
[Site "Regionalliga 2016/2017"]
[Date "2016.10.29"]
[Round "2.8"]
[White "Raue, Thorsten"]
[Black "Tsoukkerman, Boris"]
[Result "1/2-1/2"]
[WhiteElo "1797"]
[BlackElo "1917"]
[PlyCount "52"]
[EventDate "2016.??.??"]
[SourceDate "2016.10.07"]

1. b4 c6 2. e3 a5 3. b5 cxb5 4. Bxb5 Nf6 5. Nf3 e6 6. O-O Be7 7. Bb2 O-O 8. d4
Qb6 9. a4 d5 10. Nbd2 Bd7 11. c4 Bxb5 12. Qb3 dxc4 13. Nxc4 Qd8 14. Qxb5 Nc6
15. Qxb7 Nb4 16. Qb5 Qd5 17. Qxd5 exd5 18. Nce5 Ne4 19. Rfd1 Rac8 20. Rac1 f6
21. Nd3 Nxd3 22. Rxd3 Rxc1+ 23. Bxc1 Rc8 24. Bd2 Nxd2 25. Nxd2 Rc1+ 26. Nf1 Ra1
1/2-1/2

[Event "SC Klein-Berlin Rheine 1 - SG Turm Raes"]
[Site "Regionalliga 2016/2017"]
[Date "2016.10.29"]
[Round "2.2"]
[White "Brümmer, Frank"]
[Black "Greifenberg, Daniel"]
[Result "1-0"]
[WhiteElo "2166"]
[BlackElo "2019"]
[PlyCount "77"]
[EventDate "2016.??.??"]
[SourceDate "2016.10.07"]

1. d4 Nf6 2. c4 g6 3. Nc3 Bg7 4. e4 d6 5. Nge2 O-O 6. Ng3 e5 7. d5 a5 8. Be2
Na6 9. O-O Nc5 10. Be3 b6 11. Rc1 h5 12. Bg5 Qe8 13. Nb5 Qd7 14. Qc2 Nh7 15.
Be3 h4 16. Nh1 f5 17. exf5 gxf5 18. f4 Ba6 19. Nf2 Rf6 20. a3 c6 21. Nc3 exf4
22. dxc6 Qf7 23. Bxf4 Bxc4 24. Bxc4 Qxc4 25. Nce4 Qxf1+ 26. Kxf1 fxe4 27. g3
hxg3 28. hxg3 d5 29. Qd1 Rf5 30. Qg4 Rff8 31. b4 axb4 32. axb4 Nf6 33. Qf5 Nb3
34. Rd1 Ra2 35. c7 Rc2 36. Kg2 Rc6 37. Rxd5 Rc2 38. Rd8 e3 39. Qxc2 1-0

[Event "SC Klein-Berlin Rheine 1 - SG Turm Raes"]
[Site "Regionalliga 2016/2017"]
[Date "2016.10.29"]
[Round "2.3"]
[White "Gesing, Felix"]
[Black "Henneberger, Sven"]
[Result "1-0"]
[WhiteElo "1960"]
[BlackElo "2092"]
[PlyCount "51"]
[EventDate "2016.??.??"]
[SourceDate "2016.10.07"]

1. d4 Nf6 2. Nf3 c5 3. e3 g6 4. Bd3 Bg7 5. O-O O-O 6. c4 Nc6 7. Nc3 cxd4 8.
Nxd4 Nxd4 9. exd4 d5 10. Bg5 dxc4 11. Bxc4 Qd6 12. Re1 Ng4 13. g3 Bxd4 14. Bxe7
Bxf2+ 15. Kh1 Qxd1 16. Raxd1 Re8 17. Re2 Bb6 18. Nd5 Be6 19. Nxb6 axb6 20. Bxe6
fxe6 21. Rd7 Rxa2 22. h3 Nh6 23. g4 e5 24. Rc2 Ra1+ 25. Kg2 Rb1 26. Ba3 1-0

[Event "SC Klein-Berlin Rheine 1 - SG Turm Raes"]
[Site "Regionalliga 2016/2017"]
[Date "2016.10.29"]
[Round "2.4"]
[White "Langhanke, Günther"]
[Black "Brömmel, Rudolf"]
[Result "1/2-1/2"]
[WhiteElo "1942"]
[BlackElo "1929"]
[PlyCount "44"]
[EventDate "2016.??.??"]
[SourceDate "2016.10.07"]

1. e4 Nc6 2. Nf3 d6 3. d4 Bg4 4. Be3 Nf6 5. Nc3 e6 6. Be2 Be7 7. Nd2 Bxe2 8.
Qxe2 d5 9. e5 Nd7 10. Qg4 g6 11. a3 h5 12. Qe2 Nb6 13. f4 Qd7 14. O-O Bd8 15.
b3 Ne7 16. Nd1 Nf5 17. Bf2 Nc8 18. Nf3 Nce7 19. Ne3 Nxe3 20. Bxe3 Nf5 21. Bf2
c6 22. Rfd1 a5 1/2-1/2

[Event "SC Klein-Berlin Rheine 1 - SG Turm Raes"]
[Site "Regionalliga 2016/2017"]
[Date "2016.10.29"]
[Round "2.5"]
[White "Pollok, Ralf"]
[Black "Brümmer, Andreas"]
[Result "1/2-1/2"]
[WhiteElo "1956"]
[BlackElo "1925"]
[PlyCount "93"]
[EventDate "2016.??.??"]
[SourceDate "2016.10.07"]

1. d4 f5 2. Bg5 g6 3. e4 fxe4 4. Nc3 d5 5. f3 e3 6. Bd3 Bg7 7. Nge2 c5 8. dxc5
Nc6 9. O-O d4 10. Ne4 Be6 11. Nf4 Bf7 12. Nd6+ exd6 13. Bxd8 Rxd8 14. cxd6 Rxd6
15. Re1 Nge7 16. Be4 Rf6 17. Ne2 Rd6 18. c3 O-O 19. cxd4 Nxd4 20. Qa4 Nec6 21.
Nc3 Rfd8 22. Rxe3 b5 23. Nxb5 Nxb5 24. Qxb5 Bd4 25. Rae1 Ne5 26. b3 Be8 27. Qe2
Bb6 28. Qf2 Rd2 29. Qh4 Rxa2 30. Qe7 Nc6 31. Bxc6 Bxc6 32. Qe6+ Kg7 33. Qxc6
Rdd2 34. Qc3+ Kh6 35. Qxd2 Rxd2 36. Kf1 Bxe3 37. Rxe3 Rb2 38. h3 Kg5 39. Kg1 h5
40. Kh2 h4 41. Re5+ Kf6 42. Rb5 Rb1 43. b4 a6 44. Rb6+ Kf5 45. Rxa6 Rxb4 46.
Ra2 Kf4 47. Re2 1/2-1/2

[Event "SC Klein-Berlin Rheine 1 - SG Turm Raes"]
[Site "Regionalliga 2016/2017"]
[Date "2016.10.29"]
[Round "2.6"]
[White "Langhans, Jörg"]
[Black "Pliete, Christian"]
[Result "1/2-1/2"]
[WhiteElo "1907"]
[BlackElo "1847"]
[PlyCount "127"]
[EventDate "2016.??.??"]
[SourceDate "2016.10.07"]

1. e4 e5 2. Nf3 Nc6 3. Nc3 Bc5 4. Nxe5 Nxe5 5. d4 Bd6 6. dxe5 Bxe5 7. Bc4 Bxc3+
8. bxc3 Qf6 9. Qd4 d6 10. O-O Ne7 11. Re1 Nc6 12. Qxf6 gxf6 13. Rb1 b6 14. Bd5
Bb7 15. Be3 Rg8 16. Rb5 Rb8 17. Bxc6+ Bxc6 18. Rh5 Kd7 19. Bd4 Rbe8 20. f3 Re6
21. Rxh7 Ke7 22. Kf2 f5 23. e5 Rgg6 24. exd6+ Kxd6 25. Be3 Ke7 26. g3 Bd5 27.
a3 Rg8 28. h4 Re5 29. Bg5+ Ke6 30. Rh6+ Rg6 31. Rxe5+ Kxe5 32. Rh8 Rc6 33. Bf4+
Ke6 34. Rh6+ Kd7 35. Rxc6 Bxc6 36. h5 Ke7 37. Bxc7 Ba4 38. Ke3 Bxc2 39. Kf4 Kf8
40. Be5 Kg8 41. Bd4 Kh7 42. Kg5 Bd3 43. h6 Be2 44. f4 Bd3 45. Bg7 a5 46. Kf6
Kg8 47. Ke5 b5 48. Kd4 Be2 49. a4 bxa4 50. c4 Kh7 51. c5 Bb5 52. Kd5 Kg6 53. c6
a3 54. Bc3 a2 55. h7 Kxh7 56. Kd6 Bc4 57. Kc5 Be6 58. Kd4 Kg7 59. Kd3+ Kf8 60.
Bf6 Ke8 61. Kc2 a4 62. Kb2 Bd5 63. c7 Kd7 64. Be5 1/2-1/2

[Event "SC Klein-Berlin Rheine 1 - SG Turm Raes"]
[Site "Regionalliga 2016/2017"]
[Date "2016.10.29"]
[Round "2.7"]
[White "Bergemann, Martin"]
[Black "Averkamp-Peters, Jens"]
[Result "1-0"]
[WhiteElo "1900"]
[BlackElo "1908"]
[PlyCount "45"]
[EventDate "2016.??.??"]
[SourceDate "2016.10.07"]

1. d4 d5 2. c4 e6 3. Nf3 Nf6 4. Nbd2 Be7 5. g3 O-O 6. Bg2 Nbd7 7. O-O c5 8. b3
cxd4 9. Nxd4 Nb6 10. cxd5 exd5 11. Bb2 Re8 12. Rc1 a6 13. Qc2 Bd6 14. Rfd1 Bg4
15. N2f3 Rc8 16. Qd3 Qd7 17. Nh4 Bc5 18. Nhf5 Ne4 19. Nxg7 Nxf2 20. Nxe8 Nxd3
21. Nf6+ Kg7 22. Nxd7 Nxc1 23. Nxc5 1-0

[Event "SC Klein-Berlin Rheine 1 - SG Turm Raes"]
[Site "Regionalliga 2016/2017"]
[Date "2016.10.29"]
[Round "2.8"]
[White "Huesmann, Stephan"]
[Black "Bölker, Franz"]
[Result "1/2-1/2"]
[WhiteElo "1687"]
[BlackElo "1798"]
[PlyCount "25"]
[EventDate "2016.??.??"]
[SourceDate "2016.10.07"]

1. e4 c5 2. Nf3 d6 3. d4 cxd4 4. Nxd4 Nf6 5. Nc3 a6 6. f3 e6 7. Be3 Be7 8. Qd2
Qc7 9. g4 Nc6 10. O-O-O Ne5 11. Qe2 b5 12. g5 Nfd7 13. f4 1/2-1/2